[Event "PNWCC Online blitz JP 8th"]
[Site "Chess.com INT"]
[Date "2020.05.02"]
[Round "2"]
[White "Li, Max J"]
[Black "Ho, Carter"]
[Result "0-1"]
[WhiteElo "2078"]
[BlackElo "1415"]
[PlyCount "88"]
[EventDate "2020.05.02"]
[EventType "swiss (blitz)"]
[EventRounds "11"]
[EventCountry "USA"]
[SourceTitle "CBM 195 Extra"]
[Source "ChessBase"]
[SourceDate "2020.05.31"]
[SourceVersion "1"]
[SourceVersionDate "2020.05.31"]
[SourceQuality "1"]

1. e4 e5 2. Nc3 Nf6 3. f4 d5 4. f5 dxe4 5. g4 e3 6. d3 Nd5 7. Nf3 Bb4 8. Bg2 Nxc3 9. bxc3 Bxc3+ 10. Ke2 Bxa1 11. Ba3 Bd4 12. c3 Bxc3 13. Qb3 Bd4 14. Rc1 Nc6 15. h4 Bd7 16. Ng5 Qf6 17. Qxb7 Rb8 18. Qxc7 Bb6 19. Qd6 Nd4+ 20. Kf1 e2+ 21. Ke1 Ba5+ 22. Kf2 Qxd6 23. Bxd6 e1Q+ 24. Rxe1 Rb2+ 25. Kf1 Bxe1 26. Bd5 Ne6 27. fxe6 fxe6 28. Be4 Bxh4 29. Nf3 Rf2+ 30. Kg1 Rxf3 31. Bxf3 Be7 32. Bxe5 Kf7 33. Be4 Bf6 34. Bd6 Rc8 35. a3 Rc1+ 36. Kg2 Bc6 37. Bf4 Bxe4+ 38. dxe4 Rc2+ 39. Kf3 e5 40. Be3 Rc3 41. a4 Ra3 42. a5 Rxa5 43. g5 Be7 44. Kg4 Kg6 0-1

[Event "PNWCC Online blitz JP 2nd"]
[Site "Chess.com INT"]
[Date "2020.03.21"]
[Round "1"]
[White "Li, Max J"]
[Black "Zhu, Florina"]
[Result "1-0"]
[WhiteElo "2078"]
[BlackElo "1250"]
[PlyCount "53"]
[EventDate "2020.03.21"]
[EventType "swiss (blitz)"]
[EventRounds "11"]
[EventCountry "USA"]
[SourceTitle "CBM 195 Extra"]
[Source "ChessBase"]
[SourceDate "2020.05.31"]
[SourceVersion "1"]
[SourceVersionDate "2020.05.31"]
[SourceQuality "1"]

1. e4 e5 2. Nc3 Nf6 3. f4 exf4 4. e5 Ng8 5. Nf3 Nc6 6. d4 d5 7. Bxf4 Bf5 8. Bd3 Bxd3 9. Qxd3 Nb4 10. Qe2 Qd7 11. a3 Nc6 12. 0-0 Be7 13. Bg5 f6 14. exf6 Nxf6 15. Ne5 Nxe5 16. dxe5 Ne4 17. Nxe4 dxe4 18. Bxe7 Qxe7 19. Qxe4 0-0-0 20. Rad1 Rxd1 21. Rxd1 Rd8 22. Rxd8+ Qxd8 23. Qg4+ Qd7 24. e6 Qe7 25. h4 Qc5+ 26. Kh1 Qxc2 27. e7+ 1-0